| 000 | 00890nam a22002657a 4500 | ||
|---|---|---|---|
| 001 | 7641 | ||
| 003 | FISKH | ||
| 005 | 20250808145943.0 | ||
| 008 | 250729b cb ||||| |||| 00| 0 eng d | ||
| 020 | _a9780545616409 | ||
| 040 |
_aFISKH _beng _cFISKH _dFISKH |
||
| 082 | _a636.8 | ||
| 100 | _aRense, Paige | ||
| 245 |
_aLouie : _bThe stray who was saved / _cAs told to Paige Rense photopgraphs of Louie By Harry Benson |
||
| 260 |
_aNew York : _bScholastic , _c2014. |
||
| 300 |
_a61 pages : _bcolor illustrations ; _c24 x 26 cm . |
||
| 505 | _aS | ||
| 520 | _aPresents the true story of an abandoned cat that was rescued by one famous American artist and then adopted by another. | ||
| 521 | 8 |
_a790
_bLexile estimate |
|
| 521 | 8 |
_aS
_bRaz-Plus |
|
| 650 |
_aFantasy _vNon-fiction |
||
| 700 |
_aBenson, Harry _eIllustrator |
||
| 942 |
_2ddc _cBK _n0 |
||
| 999 |
_c7641 _d7641 |
||